| 000 | 00866nam a2200277 i 4500 | ||
|---|---|---|---|
| 001 | 187566 | ||
| 003 | ES-MaACL | ||
| 005 | 20250812085440.0 | ||
| 008 | 171129s2006 sp |||| | spa d | ||
| 020 | _a84-96094-92-8 | ||
| 080 | _a233-852.5 Vedanta | ||
| 100 | 1 |
_aGuénon, René, _d1886-1951 _960441 |
|
| 245 | 1 | 3 |
_aEl hombre y su devenir según el Vêdânta / _cRené Guénon ; [traducción, Pedro Rodea]. |
| 250 | _a1º ed. | ||
| 260 |
_aMadrid : _bSanz y Torres, _c2006. |
||
| 300 |
_a211 p. ; _c21 cm. |
||
| 490 | 1 | _aIgnitus | |
| 504 | _aReferencias bibliográficas. | ||
| 650 | 4 |
_aVedanta. _9163859 |
|
| 650 | 7 |
_aHinduismo _2embne _9136230 |
|
| 700 | 1 |
_aRodea, Pedro. _9163858 |
|
| 830 | 1 |
_aIgnitus _9192800 |
|
| 852 |
_aES-MaACL _jA-14091 _9194652 _bR.151484 _cDEPO1 _dOlim: N-7091 |
||
| 942 |
_2udc _cMONOGRAFIA |
||
| 999 |
_c187566 _d187566 |
||